| 000 | 00563nam a2200229 i 4500 | ||
|---|---|---|---|
| 001 | bg | ||
| 100 | 1 | _aKUZIAK, Michał | |
| 245 | 1 | 0 |
_aJak pisać? / _cMichał Kuziak, Sławomir Rzepczyński. |
| 250 | _aWyd.2. | ||
| 260 |
_aBielsko Biała : _b"Park", _c[2002]. |
||
| 300 |
_a330 s. : _bil. ; _c25 cm. |
||
| 504 | _aBibliogr. | ||
| 650 | 9 | _aPisarstwo | |
| 655 | _aPodręczniki | ||
| 020 | _a837266160X | ||
| 040 | _cBPK | ||
| 041 | 0 | _apol | |
| 080 | _a81'38(07) | ||
| 920 | _a83-7266-160-X | ||
| 942 | _cKS | ||
| 008 | s pl f |000 0 pol | ||
| 999 |
_c42879 _d42879 |
||